| 000 | 00878nam a2200289 a 4500 | ||
|---|---|---|---|
| 001 | 75262 | ||
| 003 | BD-RjUL | ||
| 005 | 20211209082651.0 | ||
| 008 | 190207s1924 enk 001 0 eng | ||
| 035 | _a(BD-RjUL)75480 | ||
| 035 | _a(OCoLC)2215096 | ||
| 040 |
_aDLC _cOClW _dMnSU _dDLC _dBD-RjUL _beng |
||
| 041 | _aeng | ||
| 043 | _aa-ii--- | ||
| 055 | 3 |
_aS471.I3 _bH6 |
|
| 082 |
_223 _a630.954 _bHOC 1924 |
||
| 100 | 1 |
_aHoward, Albert, _d1873-1947. _9227918 |
|
| 245 | 1 | 0 |
_aCrop-production in India : _ba critical survey of its problems / _cby Albert Howard. |
| 260 |
_aLondon: _bOxford University Press; _bH. Milford, _c1924. |
||
| 300 |
_a200 p.; _c22 cm. |
||
| 504 | _aBibliography at end of each chapter. | ||
| 650 | 0 |
_aAgriculture _zIndia. _9227919 |
|
| 650 | 0 |
_aCrops and climate. _9227920 |
|
| 942 |
_2ddc _cBK |
||
| 999 |
_c75262 _d75262 |
||